000 00558nam a2200241 a 4500
001 nice12345678
003 IN_TiNIC
005 20260116012132.0
008 050524s0000 dela grp 000 0 eng
020 _a
_c50
082 0 0 _a323.39710954
_bKAU
100 _aKaura, Uma
245 _aMuslims and Indian Nationalism
260 _aDelhi
_bManohar
_c0000
300 _a223p
500 _aincludes index and biblioraphy
505 2 _aIndex
650 _aMuslims-India
700 1 _aKaura, Uma
902 _bSRC
942 _cBK
999 _c5775
_d5775